Memorias de Zumalacárregui y sobre las primeras campañas de Navarra / (Record no. 155243)

MARC details
000 -LEADER
campo de control de longitud fija 00772nam a2200193 i 4500
001 - NÚMERO DE CONTROL
campo de control 155243
003 - IDENTIFICADOR DE NÚMERO DE CONTROL
campo de control ES-MaACL
005 - FECHA Y HORA DE LA ÚLTIMA TRANSACCIÓN
campo de control 20251120140034.0
008 - DATOS DE LONGITUD FIJA--INFORMACIÓN GENERAL
campo de control de longitud fija 940301s1839 sp |||| | spa d
040 ## - FUENTE DE CATALOGACIÓN
Centro catalogador/agencia de origen AS
Lengua de catalogación spa
100 1# - ENTRADA PRINCIPAL--NOMBRE DE PERSONA
Nombre de persona Henningsen, Carl-Ferdinand.
9 (RLIN) 127852
245 10 - MENCIÓN DEL TÍTULO
Título Memorias de Zumalacárregui y sobre las primeras campañas de Navarra /
Mención de responsabilidad, etc. estractadas de las que escribió un oficial inglés al servicio de D. Carlos por F.M.E.
260 ## - PUBLICACIÓN, DISTRIBUCIÓN, ETC.
Lugar de publicación, distribución, etc. Madrid :
Nombre del editor, distribuidor, etc. Boix,
Fecha de publicación, distribución, etc. 1839.
300 ## - DESCRIPCIÓN FÍSICA
Extensión 2 v. :
Otras características físicas il. ;
Dimensiones 16 cm.
600 14 - PUNTO DE ACCESO ADICIONAL DE MATERIA--NOMBRE DE PERSONA
Nombre de persona Zumalacárregui, Tomás de,
Fechas asociadas al nombre 1788-1835
9 (RLIN) 118483
651 #4 - PUNTO DE ACCESO ADICIONAL DE MATERIA--NOMBRE GEOGRÁFICO
Nombre geográfico España-
Subdivisión general Historia-
Subdivisión cronológica 1833-1840, Guerra carlista
9 (RLIN) 8250
852 ## - LOCALIZACIÓN
Ubicación ES-MaACL
Número de control de estantería D-1439
Nota libre -- Enc. pasta española
-- -- Enc. 2 t. en 1 v.
Holdings
Estatus retirado Estado de pérdida Estado de daño No para préstamo Colección Biblioteca de origen Biblioteca actual Ubicación en estantería Fecha de adquisición Fuente de adquisición Total de préstamos Signatura topográfica completa Código de barras Visto por última vez Precio de reemplazo Tipo de ítem Koha
        Libros del s. XIX Biblioteca del Ateneo de Madrid Biblioteca del Ateneo de Madrid Sala Valle Inclán 17/01/2008     D-1439 901162392 23/02/2023 23/02/2023 Libro impreso antiguo